<?xml version="1.0" encoding="UTF-8"?>
<record
    xmlns:xsi="http://www.w3.org/2001/XMLSchema-instance"
    xsi:schemaLocation="http://www.loc.gov/MARC21/slim http://www.loc.gov/standards/marcxml/schema/MARC21slim.xsd"
    xmlns="http://www.loc.gov/MARC21/slim">

  <leader>01998nam a22003137i 4500</leader>
  <controlfield tag="003">DO-SdBNP</controlfield>
  <controlfield tag="005">20251124104940.0</controlfield>
  <controlfield tag="007">ta</controlfield>
  <controlfield tag="008">210415e2020    dr ||||erb||| 001 e spa d</controlfield>
  <datafield tag="040" ind1=" " ind2=" ">
    <subfield code="a">DO-SdBNP</subfield>
    <subfield code="b">spa</subfield>
    <subfield code="c">BNPHU</subfield>
  </datafield>
  <datafield tag="041" ind1=" " ind2=" ">
    <subfield code="h">spa</subfield>
  </datafield>
  <datafield tag="082" ind1=" " ind2="4">
    <subfield code="a">860.3</subfield>
    <subfield code="b">N964a</subfield>
    <subfield code="2">22</subfield>
  </datafield>
  <datafield tag="100" ind1="1" ind2=" ">
    <subfield code="a">N&#xFA;&#xF1;ez C&#xE1;ceres, Javier, </subfield>
    <subfield code="d">1940-1991</subfield>
    <subfield code="e">autor</subfield>
    <subfield code="9">78399</subfield>
  </datafield>
  <datafield tag="245" ind1="1" ind2="0">
    <subfield code="a">Art&#xED;culos gongorinos y otros textos /</subfield>
    <subfield code="c"> Javier N&#xFA;&#xF1;ez C&#xE1;ceres ; edici&#xF3;n a cargo de Herbert E. Craig.</subfield>
  </datafield>
  <datafield tag="264" ind1=" " ind2=" ">
    <subfield code="a">Santo Dopmingo, Rep&#xFA;blica Dominicana :</subfield>
    <subfield code="b">Isla Negra,</subfield>
    <subfield code="c">2020.</subfield>
  </datafield>
  <datafield tag="300" ind1=" " ind2=" ">
    <subfield code="a">128 p&#xE1;ginas. ;</subfield>
    <subfield code="c">22 cm.</subfield>
  </datafield>
  <datafield tag="336" ind1=" " ind2=" ">
    <subfield code="a">rdacontent</subfield>
    <subfield code="b">texto</subfield>
    <subfield code="2">txt</subfield>
  </datafield>
  <datafield tag="337" ind1=" " ind2=" ">
    <subfield code="a">rdamedia</subfield>
    <subfield code="b">sin mediaci&#xF3;n</subfield>
    <subfield code="2">n</subfield>
  </datafield>
  <datafield tag="338" ind1=" " ind2=" ">
    <subfield code="a">rdacarrier</subfield>
    <subfield code="b">volumen</subfield>
    <subfield code="2">nc</subfield>
  </datafield>
  <datafield tag="490" ind1=" " ind2=" ">
    <subfield code="a">Visiones y cegueras.</subfield>
  </datafield>
  <datafield tag="500" ind1=" " ind2=" ">
    <subfield code="a">Incluye datos biogr&#xE1;ficos del autor en las solapas</subfield>
  </datafield>
  <datafield tag="500" ind1=" " ind2=" ">
    <subfield code="a">Incluye referencias bibliogr&#xE1;ficas y notas al pie de las  paginas </subfield>
  </datafield>
  <datafield tag="505" ind1="0" ind2=" ">
    <subfield code="a">Introducci&#xF3;n /</subfield>
    <subfield code="r">Herbert  E. Craig.-</subfield>
    <subfield code="t">In memoriam Javier N&#xFA;&#xF1;ez C&#xE1;ceres. /</subfield>
    <subfield code="r">Carlos Varo.-</subfield>
    <subfield code="t">Anotaciones a un soneto de don Luis de G&#xF3;ngora.-</subfield>
    <subfield code="t">"Espa&#xF1;a humilde estrado y su horizonte dosel":  Fuentes para un soneto de don Luis de G&#xF3;ngora.-</subfield>
    <subfield code="t">La estructura emblem&#xE1;tica del soneto dedicado a Crist&#xF3;bal de Mora.-</subfield>
    <subfield code="t">"Quanto las cumbres &#xE1;speras cabr&#xED;o / de los montes esconde..." /</subfield>
    <subfield code="r">(Polifeno, vs. 46-47).-</subfield>
    <subfield code="t">Acerca del t&#xED;tulo Soledades.-</subfield>
    <subfield code="t">La ca&#xED;da sublime: trayectoria de una cita de Plinio el joven en la pol&#xE9;mica culterana.-</subfield>
    <subfield code="t">La torre de Babel en la pol&#xE9;mica culterana.-</subfield>
    <subfield code="t">Prop&#xF3;sito y originalidad del apolog&#xE9;tico de Juan de Espinosa Medrano.-</subfield>
    <subfield code="t">Un serm&#xF3;n de Espinosa Medrano.-</subfield>
    <subfield code="t">Los sucesos de Mateo Alem&#xE1;n, &#xBF;Historia o tragedia?.-</subfield>
    <subfield code="t">Anotaciones a un soneto de fray Luis de Le&#xF3;n.-</subfield>
    <subfield code="t">Libros y otros textos de Javier N&#xFA;&#xF1;ez C&#xE1;ceres.</subfield>
  </datafield>
  <datafield tag="590" ind1=" " ind2=" ">
    <subfield code="a">Inventariado, 2021/MFF</subfield>
  </datafield>
  <datafield tag="600" ind1="1" ind2="4">
    <subfield code="a">G&#xF3;ngora y Argote, Luis de,</subfield>
    <subfield code="d"> ( 1561-1627 ) </subfield>
    <subfield code="x">Cr&#xED;tica e interpretaci&#xF3;n</subfield>
    <subfield code="9">13417</subfield>
  </datafield>
  <datafield tag="700" ind1="1" ind2=" ">
    <subfield code="9">36175</subfield>
    <subfield code="a">Craig, Herbert E. ,</subfield>
    <subfield code="e">editor.</subfield>
  </datafield>
  <datafield tag="910" ind1=" " ind2=" ">
    <subfield code="a">Validado. Control de calidad MFF</subfield>
  </datafield>
  <datafield tag="942" ind1=" " ind2=" ">
    <subfield code="2">ddc</subfield>
    <subfield code="c">LBS1</subfield>
  </datafield>
  <datafield tag="952" ind1=" " ind2=" ">
    <subfield code="0">0</subfield>
    <subfield code="1">0</subfield>
    <subfield code="2">ddc</subfield>
    <subfield code="5">1</subfield>
    <subfield code="7">0</subfield>
    <subfield code="8">PD</subfield>
    <subfield code="a">BNPHU</subfield>
    <subfield code="b">PD</subfield>
    <subfield code="c">HD</subfield>
    <subfield code="d">2021-03-26</subfield>
    <subfield code="e">Donado por Editora B&#xFA;ho</subfield>
    <subfield code="l">0</subfield>
    <subfield code="o">BNPHU PD 860.3 N964a </subfield>
    <subfield code="p">2021-1446</subfield>
    <subfield code="r">2021-04-15</subfield>
    <subfield code="w">2021-04-15</subfield>
    <subfield code="y">LFPD</subfield>
  </datafield>
  <datafield tag="952" ind1=" " ind2=" ">
    <subfield code="0">0</subfield>
    <subfield code="1">0</subfield>
    <subfield code="2">ddc</subfield>
    <subfield code="5">1</subfield>
    <subfield code="7">0</subfield>
    <subfield code="8">PD</subfield>
    <subfield code="a">BNPHU</subfield>
    <subfield code="b">PD</subfield>
    <subfield code="c">HD</subfield>
    <subfield code="d">2021-03-26</subfield>
    <subfield code="e">Donado por Editora B&#xFA;ho</subfield>
    <subfield code="l">0</subfield>
    <subfield code="o">BNPHU PD 860.3 N964a </subfield>
    <subfield code="p">2021-1447</subfield>
    <subfield code="r">2021-04-15</subfield>
    <subfield code="t">e.2</subfield>
    <subfield code="w">2021-04-15</subfield>
    <subfield code="y">LFPD</subfield>
  </datafield>
  <datafield tag="952" ind1=" " ind2=" ">
    <subfield code="0">0</subfield>
    <subfield code="1">0</subfield>
    <subfield code="2">ddc</subfield>
    <subfield code="5">6</subfield>
    <subfield code="7">0</subfield>
    <subfield code="8">DS</subfield>
    <subfield code="a">BNPHU</subfield>
    <subfield code="b">BNPHU</subfield>
    <subfield code="c">HD</subfield>
    <subfield code="d">2021-03-26</subfield>
    <subfield code="e">Donado por Editora B&#xFA;ho</subfield>
    <subfield code="l">0</subfield>
    <subfield code="o">BNPHU DS 860.3 N964a </subfield>
    <subfield code="p">2021-1448</subfield>
    <subfield code="r">2021-04-15</subfield>
    <subfield code="t">e.3</subfield>
    <subfield code="w">2021-04-15</subfield>
    <subfield code="y">LBS1</subfield>
  </datafield>
  <datafield tag="952" ind1=" " ind2=" ">
    <subfield code="0">0</subfield>
    <subfield code="1">0</subfield>
    <subfield code="2">ddc</subfield>
    <subfield code="5">6</subfield>
    <subfield code="7">0</subfield>
    <subfield code="8">DS</subfield>
    <subfield code="a">BNPHU</subfield>
    <subfield code="b">BNPHU</subfield>
    <subfield code="c">HD</subfield>
    <subfield code="d">2025-11-24</subfield>
    <subfield code="e">Donaci&#xF3;n</subfield>
    <subfield code="l">0</subfield>
    <subfield code="o">BNPHU DS 860.3 N964a</subfield>
    <subfield code="p">2025-13393</subfield>
    <subfield code="r">2025-11-24</subfield>
    <subfield code="t">e.4</subfield>
    <subfield code="w">2025-11-24</subfield>
    <subfield code="y">LBS1</subfield>
  </datafield>
  <datafield tag="999" ind1=" " ind2=" ">
    <subfield code="c">49740</subfield>
    <subfield code="d">49740</subfield>
  </datafield>
</record>
